| 000 | 00651nam a22001937a 4500 | ||
|---|---|---|---|
| 999 |
_c179518 _d179518 |
||
| 005 | 20210630115816.0 | ||
| 010 | _aUR-11147 | ||
| 020 |
_c100.00 _a- |
||
| 035 | _aU-9701 | ||
| 037 | _bDBAD/PUB | ||
| 082 | _a440.9 | ||
| 100 | _aمر ز ا مر تضی ا قبا ل | ||
| 245 |
_aآ ءينہ ا ر د و صحا فت _cمر ز ا مر تضی ا قبا ل |
||
| 246 |
_aAyyna-e-Urdu Sahafat (Urdu) _bby Mirza Murtaza Iqbal |
||
| 260 |
_aMuradabad _c2020 ء _bMirza Murtaza Iqbal |
||
| 270 |
_aJayyed Press, Sambhali Gate, _bMuradabad(U.P.) _e244001 _l- |
||
| 300 |
_a168+168 ص _c22 Cm(Hb) |
||
| 942 |
_2ddc _cUR _h440.9 _mص ح ا |
||